| 000 | 00811nam a22002177a 4500 | ||
|---|---|---|---|
| 999 |
_c10033 _d10033 |
||
| 003 | AR-CdUCM | ||
| 008 | 190329b ||||| |||| 00| 0 spa d | ||
| 040 |
_aMUNICIPALIDAD PROVINCIAL DEL CUSCO _cBIBLIOTECA MUNICIPAL DEL CUSCO |
||
| 041 | _hfre | ||
| 082 |
_a848.814 / _bM29H / 1942 |
||
| 100 |
_aMaupassant, Guy de _94138 |
||
| 245 | _aEl horla / | ||
| 260 |
_aBuenos Aires : _bTor, _c1942. |
||
| 300 |
_a187 páginas ; _c19 cm. |
||
| 505 | _aContenido: El Horla -- El albergue -- El vagabundo -- La hoya -- Bola de Sebo -- Día de campo -- El Marqués de Fumerol -- La seña -- José -- La noche de reyes -- Clochette -- Una familia -- La herencia del señor Hautot. | ||
| 650 |
_aCuentos franceses _91817 |
||
| 650 |
_aSiglo XX _98 |
||
| 650 |
_aLiteratura _983 |
||
| 942 |
_2ddc _cLIBROS |
||
| 945 | _aachl | ||